000 00355nam a22001337a 4500
020 _a978-81-87671-15-2
082 _a823
_bCAN/C
100 _aJACK CANFIELD, MARK VICTOR HANSEN, KIMBERLY KIRBERGER
245 _aCHICKEN SOUP FOR THE TEENAGE SOUL III
260 _aINDIA
_bWESTLAND LTD
_c2000
300 _a369
650 _aLIFE, LOVE AND LEARNING
942 _cBK
999 _c12
_d12